00404 2200157 4500001002100000005001500021035002000036245005100056100001800107300002300125260003200148082000800180084001400188020001800202990002600220INLIS00000000000089320260316102200 a0010-03260000041 aDalam Mihrab Cinta /cHabiburrahman El Shirazy0 aHabiburrahman a290 hlm ;c20,5 cm aJakarta :bRepublika,c2020 a813 a813 HAB d a9789791102698 a2020/SMKMIRI/2512/001